L'italiano, Toto Cutugno - Testo Completo - Statistics

Statistiche generali
  • Questo quiz è stato fatto 40 volte
  • Il punteggio medio è 172 su 223
Statistiche sulle risposte
Testo % Corretto
i
100%
Italia,
100%
italiano
100%
Sono
97%
sono
97%
un
97%
Un
97%
VERO
97%
Con
94%
con
94%
l'
94%
mano
94%
cantare
91%
chitarra
91%
in
91%
la
91%
Lasciatemi
91%
ne
91%
di
88%
io
88%
E
85%
fiero
85%
Perché
85%
al
82%
come
82%
presidente
82%
una
82%
Buongiorno,
79%
buongiorno,
79%
canzone
79%
che
79%
gli
79%
Maria
79%
piano
79%
anch'
76%
ci
76%
partigiano
76%
Dio
73%
Lo
73%
malinconia
73%
spaghetti
73%
dente
70%
occhi
70%
pieni
70%
le
67%
Le
67%
sai
67%
artisti
64%
destra
64%
finestra
64%
nel
64%
nella
64%
il
61%
manifesti
61%
autoradio
58%
sopra
58%
canarino
55%
sui
55%
America
52%
cuore
52%
sempre
52%
suore
52%
troppa
52%
tuoi
52%
alla
48%
amore,
48%
da
48%
meno
48%
si
48%
non
45%
più
45%
canzoni,
42%
donne
42%
menta
42%
barba
39%
crema
33%
domenica
33%
spaventa
33%
sul
33%
blu
30%
caffè
30%
tv
30%
vestito
30%
col
27%
gessato
27%
giù
27%
calze
24%
carrozzeria
24%
cassetto
24%
moviola
24%
nuove
24%
primo
24%
ristretto
21%
Seicento
21%
tintoria
18%
bandiera
15%
Nessun quiz corrispondente trovato
Distribuzione punteggi
Percentuale di utenti per punteggio
Percentile per numero di risposta
I tuoi punteggi nel tempo
Non hai fatto questo quiz